UFC: Most Individual Career Wins - Statistics

General Stats
  • This quiz has been taken 197 times
  • The average score is 9 of 24
Answer Stats
Years Country Division Wins Answer % Correct
2008-2021* USA LHW 20 Jon Jones
88%
2006-2020 BRA MW/LHW 17 Anderson Silva
84%
2004-2017 CAN MW/WW 20 Georges St-Pierre
83%
2010-2021* BRA LW/FW 18 Charles Oliveira
62%
2006-2017 ENG MW/LHW 20 Michael Bisping
59%
2011-2021* USA LW/WW 23 Donald Cerrone
58%
2008-2021* USA LW/CW 21 Jim Miller
53%
2012-2021* USA FTW/LW 18 Max Holloway
48%
2011-2021* USA LW/FTW 20 Dustin Poirier
46%
2000-2021* BLR HW 20 Andrei Arlovski
41%
2007-2021* USA LW/FTW/BW 18 Frankie Edgar
33%
1999-2011 USA WW 18 Matt Hughes
33%
1997-2011 USA LHW/HW 16 Randy Couture
33%
1998-2010 USA LHW 16 Chuck Liddell
31%
2014-2021* USA HW 16 Derrick Lewis
29%
2008-2021* BRA LW/WW 19 Rafael dos Anjos
29%
2007-2018 BRA LHW/MW 16 Lyoto Machida
26%
2001-2016 USA HW 16 Frank Mir
25%
2007-2021* BRA WW/MW 22 Demian Maia
21%
2005-2020 USA WW/LW/MW 19 Diego Sanchez
14%
2006-2021* USA LW/FTW 16 Clay Guida
11%
2013-2021* USA WW 17 Neil Magny
5%
2012-2021* BRA MW/WW/LW 16 Francisco Trinaldo
3%
2006-2018 BRA WW/LW 16 Gleison Tibau
3%
No matching quizzes found
Score Distribution
Percent of People with Each Score
Percentile by Number Answered
Your Score History
You have not taken this quiz